00561nam a22001577a 4500003000400000008004100004082001200045100001900057245005700076260003400133300000700167650003600174942001200210999001500222952016600237OSt200714b ||||| |||| 00| 0 eng d a546 PAP aPatil, Ketan.B aPractical book of Pharmaceutical Innrganic Chemistry aNew DelhibIP Innovative Pub. a75 aPharmaceutical Organic Chemisty 2ddccBK c8920d8920 00102ddc40708BPaPIETbPIETd2020-02-17eKirti PrakashanfRupeesg295.00kIN6450l1o546 PAPpBP1441r2022-01-12 00:00:00s2021-12-28v206.50w2020-02-17yBK